| 000 | 00348nam a22001457a 4500 | ||
|---|---|---|---|
| 020 | _a9788190691949 | ||
| 082 | _a621.381 GUP | ||
| 100 | _aGupta J.B | ||
| 245 | _aBasic electronics | ||
| 260 |
_aNew Delhi India _bS.K.Kataria & Sons _c2008 |
||
| 300 |
_a525 _bP.B |
||
| 650 | _aElectrical engineering | ||
| 700 | _aJ.B.Gupta | ||
| 942 | _cBK | ||
| 999 |
_c490567 _d490567 |
||